[Event "DVM U16 2018"]
[Site "Aurich GER"]
[Date "2018.12.30"]
[Round "7"]
[White "Meiwes, Thore"]
[Black "Holinka, Henning"]
[Result "1/2-1/2"]
[Termination "normal"]
[Board "2.2"]
[WhiteElo "1959"]
[BlackElo "2108"]
[WhiteClock "00:38:09"]
[BlackClock "00:03:16"]
[WhiteTeam "SK Lehrte"]
[BlackTeam "Hamburger SK"]
[PlyCount "60"]
[WhiteFideId "16201256"]
[BlackFideId "12967084"]
[EventCountry "GER"]
[EventRounds "7"]
[EventType "team-swiss"]
[EventDate "2018.12.26"]

1. d4 {[%clk 01:30:58]} {[%emt 13:53:25]} g6 {[%clk 01:30:48]} {[%emt
00:00:12]} 2. e4 {[%clk 01:31:23]} {[%emt 00:00:05]} Bg7 {[%clk 01:31:12]}
{[%emt 00:00:06]} 3. Nc3 {[%clk 01:31:48]} {[%emt 00:00:05]} a6 {[%clk
01:31:33]} {[%emt 00:00:09]} 4. Be3 {[%clk 01:32:12]} {[%emt 00:00:05]} d6
{[%clk 01:31:51]} {[%emt 00:00:13]} 5. Qd2 {[%clk 01:32:30]} {[%emt 00:00:13]}
b5 {[%clk 01:31:05]} {[%emt 00:01:16]} 6. f3 {[%clk 01:32:49]} {[%emt
00:00:11]} Nd7 {[%clk 01:30:55]} {[%emt 00:00:39]} 7. O-O-O {[%clk 01:33:04]}
{[%emt 00:00:15]} Bb7 {[%clk 01:30:51]} {[%emt 00:00:34]} 8. h4 {[%clk
01:33:25]} {[%emt 00:00:08]} h6 {[%clk 01:30:50]} {[%emt 00:00:32]} 9. g4
{[%clk 01:33:46]} {[%emt 00:00:09]} Rc8 {[%clk 01:29:25]} {[%emt 00:01:55]} 10.
Bh3 {[%clk 01:33:52]} {[%emt 00:00:25]} e6 {[%clk 01:14:03]} {[%emt 00:15:52]}
11. Kb1 {[%clk 01:30:03]} {[%emt 00:04:18]} Nb6 {[%clk 01:07:08]} {[%emt
00:07:25]} 12. b3 {[%clk 01:25:27]} {[%emt 00:05:06]} Ne7 {[%clk 01:03:43]}
{[%emt 00:03:55]} 13. Nce2 {[%clk 01:19:22]} {[%emt 00:06:36]} Nd7 {[%clk
00:52:33]} {[%emt 00:11:39]} 14. Ng3 {[%clk 01:11:21]} {[%emt 00:08:31]} c5
{[%clk 00:50:01]} {[%emt 00:03:02]} 15. N1e2 {[%clk 01:03:11]} {[%emt
00:08:40]} c4 {[%clk 00:43:49]} {[%emt 00:06:42]} 16. g5 {[%clk 00:57:13]}
{[%emt 00:06:28]} h5 {[%clk 00:37:57]} {[%emt 00:06:22]} 17. Nf4 {[%clk
00:55:43]} {[%emt 00:02:00]} c3 {[%clk 00:32:01]} {[%emt 00:06:26]} 18. Qf2
{[%emt 00:09:00]} Qa5 {[%clk 00:26:03]} 19. Bxe6 {[%clk 00:52:18]} {[%emt
00:01:52]} fxe6 {[%clk 00:23:26]} {[%emt 00:03:07]} 20. Nxe6 {[%clk 00:52:40]}
{[%emt 00:00:08]} Kf7 {[%clk 00:21:12]} {[%emt 00:02:45]} 21. Nxg7 {[%clk
00:47:39]} {[%emt 00:05:29]} Kxg7 {[%clk 00:20:46]} {[%emt 00:00:58]} 22. f4
{[%clk 00:47:39]} {[%emt 00:00:30]} Bxe4 {[%clk 00:13:44]} {[%emt 00:07:32]}
23. Nxe4 {[%clk 00:47:38]} {[%emt 00:00:30]} Nf5 {[%clk 00:13:21]} {[%emt
00:00:54]} 24. Bc1 {[%clk 00:46:14]} {[%emt 00:01:53]} Rce8 {[%clk 00:09:14]}
{[%emt 00:04:38]} 25. Ng3 {[%clk 00:43:51]} {[%emt 00:02:53]} b4 {[%clk
00:07:33]} {[%emt 00:02:11]} 26. Rhe1 {[%clk 00:42:21]} {[%emt 00:01:58]} Nxg3
{[%clk 00:05:03]} {[%emt 00:03:01]} 27. Qxg3 {[%clk 00:42:44]} {[%emt
00:00:08]} Qf5 {[%clk 00:04:40]} {[%emt 00:00:52]} 28. Re3 {[%clk 00:41:07]}
{[%emt 00:02:08]} d5 {[%clk 00:03:51]} {[%emt 00:01:19]} 29. Qh3 {[%clk
00:37:48]} {[%emt 00:03:48]} Qxh3 {[%clk 00:03:37]} {[%emt 00:00:44]} 30. Rxh3
{[%clk 00:38:09]} {[%emt 00:00:09]} Re4 {[%clk 00:03:16]} {[%emt 00:00:51]}
1/2-1/2

[Event "DVM U16 2018"]
[Site "Aurich GER"]
[Date "2018.12.30"]
[Round "7"]
[White "Engel, Robert"]
[Black "Reimer, Philip"]
[Result "1-0"]
[Termination "normal"]
[Board "2.3"]
[WhiteElo "2071"]
[BlackElo "1666"]
[WhiteClock "00:46:26"]
[BlackClock "00:34:24"]
[WhiteTeam "Hamburger SK"]
[BlackTeam "SK Lehrte"]
[PlyCount "41"]
[WhiteFideId "12974684"]
[BlackFideId "16235860"]
[EventCountry "GER"]
[EventRounds "7"]
[EventType "team-swiss"]
[EventDate "2018.12.26"]

1. e4 {[%clk 01:30:57]} {[%emt 00:00:02]} c5 {[%clk 01:30:59]} {[%emt
00:00:01]} 2. Nf3 {[%clk 01:31:15]} {[%emt 00:00:12]} d6 {[%clk 01:31:27]}
{[%emt 00:00:03]} 3. Bb5+ {[%clk 01:31:18]} {[%emt 00:00:26]} Bd7 {[%clk
01:29:37]} {[%emt 00:02:20]} 4. Bxd7+ {[%clk 01:31:42]} {[%emt 00:00:06]} Nxd7
{[%clk 01:29:59]} {[%emt 00:00:08]} 5. O-O {[%clk 01:29:54]} {[%emt 00:02:18]}
Ngf6 {[%clk 01:29:45]} {[%emt 00:00:44]} 6. Re1 {[%clk 01:29:23]} {[%emt
00:01:01]} g6 {[%clk 01:24:19]} {[%emt 00:05:57]} 7. c3 {[%clk 01:28:40]}
{[%emt 00:01:12]} Bg7 {[%clk 01:23:47]} {[%emt 00:01:03]} 8. d4 {[%clk
01:28:35]} {[%emt 00:00:34]} O-O {[%clk 01:23:22]} {[%emt 00:00:55]} 9. Bg5
{[%clk 01:20:13]} {[%emt 00:08:52]} Re8 {[%clk 01:15:57]} {[%emt 00:07:55]} 10.
e5 {[%clk 01:14:36]} {[%emt 00:06:07]} dxe5 {[%clk 01:14:53]} {[%emt 00:01:35]}
11. dxe5 {[%clk 01:14:59]} {[%emt 00:00:06]} Ng4 {[%clk 01:13:00]} {[%emt
00:02:23]} 12. e6 {[%clk 01:14:36]} {[%emt 00:00:54]} Nde5 {[%clk 01:11:30]}
{[%emt 00:01:59]} 13. exf7+ {[%clk 01:10:42]} {[%emt 00:04:24]} Kxf7 {[%clk
01:10:08]} {[%emt 00:01:52]} 14. Nbd2 {[%clk 01:05:36]} {[%emt 00:05:36]} Qb6
{[%clk 00:53:27]} {[%emt 00:17:10]} 15. Nc4 {[%clk 00:56:51]} {[%emt 00:09:16]}
Nxc4 {[%clk 00:51:39]} {[%emt 00:02:18]} 16. Qd5+ {[%clk 00:57:16]} {[%emt
00:00:05]} e6 {[%clk 00:44:08]} {[%emt 00:08:01]} 17. Qxc4 {[%clk 00:57:40]}
{[%emt 00:00:06]} Nxf2 {[%clk 00:38:50]} {[%emt 00:05:48]} 18. Re2 {[%clk
00:52:47]} {[%emt 00:05:24]} Nh3+ {[%clk 00:35:54]} {[%emt 00:03:25]} 19. gxh3
{[%clk 00:53:04]} {[%emt 00:00:14]} Rf8 {[%clk 00:35:47]} {[%emt 00:00:37]} 20.
Rf1 {[%clk 00:47:37]} {[%emt 00:05:56]} Rae8 {[%clk 00:34:24]} {[%emt
00:01:53]} 21. Nd4+ {[%clk 00:46:26]} {[%emt 00:01:41]} 1-0

[Event "DVM U16 2018"]
[Site "Aurich GER"]
[Date "2018.12.30"]
[Round "7"]
[White "Dornieden, Jonas"]
[Black "Meyling, Lennart"]
[Result "1/2-1/2"]
[Termination "normal"]
[Board "2.4"]
[WhiteElo "1729"]
[BlackElo "1992"]
[WhiteClock "00:29:12"]
[BlackClock "01:31:44"]
[WhiteTeam "SK Lehrte"]
[BlackTeam "Hamburger SK"]
[PlyCount "92"]
[WhiteFideId "1336460"]
[BlackFideId "12947130"]
[EventCountry "GER"]
[EventRounds "7"]
[EventType "team-swiss"]
[EventDate "2018.12.26"]

1. d4 {[%clk 01:30:57]} {[%emt 00:00:02]} g6 {[%clk 01:30:52]} {[%emt
00:00:08]} 2. e4 {[%clk 01:31:22]} {[%emt 00:00:05]} Bg7 {[%clk 01:31:14]}
{[%emt 00:00:09]} 3. Nc3 {[%clk 01:31:48]} {[%emt 00:00:04]} d6 {[%clk
01:31:36]} {[%emt 00:00:08]} 4. f4 {[%clk 01:31:52]} {[%emt 00:00:25]} Nd7
{[%clk 01:31:18]} {[%emt 00:00:48]} 5. Nf3 {[%clk 01:31:39]} {[%emt 00:00:43]}
e5 {[%clk 01:31:06]} {[%emt 00:00:42]} 6. Be3 {[%clk 01:25:15]} {[%emt
00:06:54]} Ne7 {[%clk 01:30:01]} {[%emt 00:01:35]} 7. dxe5 {[%clk 01:19:30]}
{[%emt 00:06:16]} dxe5 {[%clk 01:30:09]} {[%emt 00:00:22]} 8. fxe5 {[%clk
01:18:15]} {[%emt 00:01:45]} Nxe5 {[%clk 01:30:30]} {[%emt 00:00:09]} 9. Qxd8+
{[%clk 01:17:45]} {[%emt 00:01:00]} Kxd8 {[%clk 01:30:54]} {[%emt 00:00:06]}
10. O-O-O+ {[%clk 01:11:22]} {[%emt 00:06:52]} Bd7 {[%clk 01:31:02]} {[%emt
00:00:22]} 11. Nxe5 {[%clk 01:09:27]} {[%emt 00:02:26]} Bxe5 {[%clk 01:31:22]}
{[%emt 00:00:10]} 12. Nd5 {[%clk 01:07:53]} {[%emt 00:02:04]} c6 {[%clk
01:27:18]} {[%emt 00:04:34]} 13. Nxe7 {[%clk 00:54:34]} {[%emt 00:13:49]} Kxe7
{[%clk 01:27:34]} {[%emt 00:00:13]} 14. Bc5+ {[%clk 00:54:27]} {[%emt
00:00:37]} Ke8 {[%clk 01:27:58]} {[%emt 00:00:07]} 15. Bc4 {[%clk 00:54:11]}
{[%emt 00:00:46]} b6 {[%clk 01:26:46]} {[%emt 00:01:41]} 16. Bxf7+ {[%clk
00:52:03]} {[%emt 00:02:38]} Kxf7 {[%clk 01:25:19]} {[%emt 00:01:58]} 17. Rxd7+
{[%clk 00:52:06]} {[%emt 00:00:27]} Kf6 {[%clk 01:21:23]} {[%emt 00:04:25]} 18.
Rf1+ {[%clk 00:42:13]} {[%emt 00:10:23]} Kg5 {[%clk 01:21:46]} {[%emt
00:00:08]} 19. Be3+ {[%clk 00:38:17]} {[%emt 00:04:26]} Kg4 {[%clk 01:15:01]}
{[%emt 00:07:14]} 20. Bd4 {[%clk 00:31:50]} {[%emt 00:06:57]} Bf4+ {[%clk
01:12:46]} {[%emt 00:02:45]} 21. Rxf4+ {[%clk 00:29:55]} {[%emt 00:02:25]} Kxf4
{[%clk 01:11:21]} {[%emt 00:01:55]} 22. Bxh8 {[%clk 00:30:11]} {[%emt
00:00:14]} Rxh8 {[%clk 01:11:43]} {[%emt 00:00:07]} 23. Rxa7 {[%clk 00:26:53]}
{[%emt 00:03:49]} Kxe4 {[%clk 01:12:00]} {[%emt 00:00:13]} 24. Rb7 {[%clk
00:24:49]} {[%emt 00:02:34]} b5 {[%clk 01:12:13]} {[%emt 00:00:17]} 25. Kd2
{[%clk 00:24:52]} {[%emt 00:00:26]} Kd4 {[%clk 01:12:09]} {[%emt 00:00:34]} 26.
c3+ {[%clk 00:22:41]} {[%emt 00:02:42]} Kc5 {[%clk 01:11:57]} {[%emt 00:00:41]}
27. g3 {[%clk 00:20:32]} {[%emt 00:02:40]} Rd8+ {[%clk 01:11:34]} {[%emt
00:00:53]} 28. Kc2 {[%clk 00:20:14]} {[%emt 00:00:49]} h5 {[%clk 01:11:52]}
{[%emt 00:00:11]} 29. Rg7 {[%clk 00:19:07]} {[%emt 00:01:38]} Rd6 {[%clk
01:12:10]} {[%emt 00:00:11]} 30. b3 {[%clk 00:16:46]} {[%emt 00:02:51]} Rf6
{[%clk 01:11:10]} {[%emt 00:01:30]} 31. Rd7 {[%clk 00:15:04]} {[%emt 00:02:13]}
g5 {[%clk 01:08:34]} {[%emt 00:03:05]} 32. Rd2 {[%clk 00:13:30]} {[%emt
00:02:04]} g4 {[%clk 01:08:23]} {[%emt 00:00:41]} 33. b4+ {[%clk 00:12:02]}
{[%emt 00:01:58]} Kb6 {[%clk 01:08:47]} {[%emt 00:00:06]} 34. Re2 {[%clk
00:12:09]} {[%emt 00:00:23]} Rf3 {[%clk 01:05:51]} {[%emt 00:03:25]} 35. Kb3
{[%clk 00:11:34]} {[%emt 00:01:06]} Rf5 {[%clk 01:04:38]} {[%emt 00:01:43]} 36.
a4 {[%clk 00:11:04]} {[%emt 00:01:00]} bxa4+ {[%clk 01:04:59]} {[%emt
00:00:09]} 37. Kxa4 {[%clk 00:11:29]} {[%emt 00:00:06]} h4 {[%clk 01:03:28]}
{[%emt 00:02:01]} 38. Re4 {[%clk 00:10:28]} {[%emt 00:01:30]} h3 {[%clk
01:02:50]} {[%emt 00:01:08]} 39. Rxg4 {[%clk 00:05:33]} {[%emt 00:05:25]} Rf2
{[%clk 01:03:13]} {[%emt 00:00:07]} 40. Rh4 {[%clk 00:05:36]} {[%emt 00:00:27]}
Ra2+ {[%clk 01:01:26]} {[%emt 00:02:18]} 41. Kb3 {[%clk 00:05:58]} {[%emt
00:00:08]} Rxh2 {[%clk 01:01:52]} {[%emt 00:00:03]} 42. g4 {[%clk 00:04:14]}
{[%emt 00:02:14]} Rh1 {[%clk 01:01:42]} {[%emt 00:00:39]} 43. Kb2 {[%clk
00:02:42]} {[%emt 00:02:03]} Kb5 {[%clk 01:00:55]} {[%emt 00:01:17]} 44. g5
{[%clk 00:01:40]} {[%emt 00:01:32]} Ka4 {[%clk 01:00:37]} {[%emt 00:00:48]} 45.
b5+ {[%clk 00:28:48]} {[%emt 00:03:52]} Kxb5 {[%clk 01:31:28]} {[%emt
00:00:10]} 46. g6 {[%clk 00:29:12]} {[%emt 00:00:05]} Rg1 {[%clk 01:31:44]}
{[%emt 00:00:14]} 1/2-1/2

[Event "DVM U16 2018"]
[Site "Aurich GER"]
[Date "2018.12.30"]
[Round "7"]
[White "Knüdel, Torben"]
[Black "Post, Hugo"]
[Result "0-1"]
[Termination "normal"]
[Board "3.1"]
[WhiteElo "2204"]
[BlackElo "2104"]
[WhiteClock "00:00:32"]
[BlackClock "00:10:40"]
[WhiteTeam "Post SV Uelzen"]
[BlackTeam "Reideburger SV 90 Halle"]
[PlyCount "116"]
[WhiteFideId "16208820"]
[BlackFideId "12962490"]
[EventCountry "GER"]
[EventRounds "7"]
[EventType "team-swiss"]
[EventDate "2018.12.26"]

1. e4 {[%clk 01:30:57]} {[%emt 00:00:03]} c5 {[%clk 01:30:46]} {[%emt
00:00:15]} 2. Nf3 {[%clk 01:31:06]} {[%emt 00:00:21]} d6 {[%clk 01:31:02]}
{[%emt 00:00:14]} 3. d4 {[%clk 01:31:31]} {[%emt 00:00:05]} cxd4 {[%clk
01:31:18]} {[%emt 00:00:14]} 4. Nxd4 {[%clk 01:31:55]} {[%emt 00:00:05]} Nf6
{[%clk 01:31:36]} {[%emt 00:00:12]} 5. Nc3 {[%clk 01:32:21]} {[%emt 00:00:04]}
e6 {[%clk 01:31:45]} {[%emt 00:00:22]} 6. Bg5 {[%clk 01:32:48]} {[%emt
00:00:03]} Be7 {[%clk 01:31:37]} {[%emt 00:00:38]} 7. f4 {[%clk 01:32:16]}
{[%emt 00:01:02]} a6 {[%clk 01:25:04]} {[%emt 00:07:04]} 8. Qf3 {[%clk
01:32:38]} {[%emt 00:00:08]} Qc7 {[%clk 01:25:13]} {[%emt 00:00:20]} 9. O-O-O
{[%clk 01:32:52]} {[%emt 00:00:16]} Nbd7 {[%clk 01:25:07]} {[%emt 00:00:36]}
10. g4 {[%clk 01:31:44]} {[%emt 00:01:38]} b5 {[%clk 01:24:02]} {[%emt
00:01:35]} 11. Bxf6 {[%clk 01:30:54]} {[%emt 00:01:20]} Nxf6 {[%clk 01:24:20]}
{[%emt 00:00:12]} 12. g5 {[%clk 01:31:20]} {[%emt 00:00:05]} Nd7 {[%clk
01:24:37]} {[%emt 00:00:12]} 13. f5 {[%clk 01:31:25]} {[%emt 00:00:25]} Bxg5+
{[%clk 01:05:09]} {[%emt 00:19:58]} 14. Kb1 {[%clk 01:31:50]} {[%emt 00:00:05]}
Ne5 {[%clk 01:01:26]} {[%emt 00:04:13]} 15. Qh5 {[%clk 01:26:36]} {[%emt
00:05:44]} h6 {[%clk 01:00:48]} {[%emt 00:01:08]} 16. Nxe6 {[%clk 01:14:54]}
{[%emt 00:12:11]} Bxe6 {[%clk 01:01:08]} {[%emt 00:00:10]} 17. fxe6 {[%clk
01:15:23]} {[%emt 00:00:01]} g6 {[%clk 00:52:56]} {[%emt 00:08:43]} 18. Qh3
{[%clk 01:11:47]} {[%emt 00:04:06]} Rc8 {[%clk 00:52:28]} {[%emt 00:00:57]} 19.
Bd3 {[%clk 01:03:49]} {[%emt 00:08:28]} O-O {[%clk 00:42:06]} {[%emt 00:10:52]}
20. Nd5 {[%clk 01:02:26]} {[%emt 00:01:53]} Qc5 {[%clk 00:41:30]} {[%emt
00:01:01]} 21. Rhg1 {[%clk 00:38:18]} {[%emt 00:24:44]} fxe6 {[%clk 00:35:31]}
{[%emt 00:06:28]} 22. Qxe6+ {[%clk 00:38:00]} {[%emt 00:00:48]} Kg7 {[%clk
00:35:50]} {[%emt 00:00:11]} 23. Ka1 {[%clk 00:22:57]} {[%emt 00:15:33]} Rf2
{[%clk 00:18:04]} {[%emt 00:18:17]} 24. c3 {[%clk 00:18:02]} {[%emt 00:05:24]}
Rcf8 {[%clk 00:13:28]} {[%emt 00:05:05]} 25. Bb1 {[%clk 00:14:43]} {[%emt
00:03:50]} Rxh2 {[%clk 00:13:10]} {[%emt 00:00:49]} 26. Rgf1 {[%clk 00:10:19]}
{[%emt 00:04:53]} Rhf2 {[%clk 00:10:05]} {[%emt 00:03:35]} 27. Rxf2 {[%clk
00:10:42]} {[%emt 00:00:07]} Rxf2 {[%clk 00:10:32]} {[%emt 00:00:03]} 28. a3
{[%clk 00:10:29]} {[%emt 00:00:44]} Nc4 {[%clk 00:07:24]} {[%emt 00:03:37]} 29.
e5 {[%clk 00:06:26]} {[%emt 00:04:33]} Nxe5 {[%clk 00:07:18]} {[%emt 00:00:36]}
30. Re1 {[%clk 00:06:48]} {[%emt 00:00:07]} Bf6 {[%clk 00:06:27]} {[%emt
00:01:22]} 31. Ba2 {[%clk 00:05:44]} {[%emt 00:01:34]} h5 {[%clk 00:04:43]}
{[%emt 00:02:14]} 32. Rg1 {[%clk 00:05:39]} {[%emt 00:00:35]} Rf3 {[%clk
00:04:25]} {[%emt 00:00:48]} 33. Rd1 {[%clk 00:04:37]} {[%emt 00:01:32]} Qa7
{[%clk 00:03:53]} {[%emt 00:01:01]} 34. Qxd6 {[%clk 00:03:47]} {[%emt
00:01:20]} Nc4 {[%clk 00:03:43]} {[%emt 00:00:41]} 35. Qc6 {[%clk 00:03:54]}
{[%emt 00:00:23]} Ne5 {[%clk 00:03:16]} {[%emt 00:00:57]} 36. Qe6 {[%clk
00:04:01]} {[%emt 00:00:23]} Qf7 {[%clk 00:02:56]} {[%emt 00:00:50]} 37. Qxa6
{[%clk 00:03:45]} {[%emt 00:00:46]} Qe8 {[%clk 00:02:12]} {[%emt 00:01:15]} 38.
Nc7 {[%clk 00:02:25]} {[%emt 00:01:50]} Qb8 {[%clk 00:02:11]} {[%emt 00:00:30]}
39. Nxb5 {[%clk 00:01:45]} {[%emt 00:01:09]} Kh6 {[%clk 00:02:31]} {[%emt
00:00:11]} 40. a4 {[%clk 00:01:16]} {[%emt 00:00:59]} h4 {[%clk 00:02:25]}
{[%emt 00:00:36]} 41. Bd5 {[%clk 00:30:19]} {[%emt 00:01:26]} Rf2 {[%clk
00:31:13]} {[%emt 00:01:41]} 42. Qa7 {[%clk 00:25:45]} {[%emt 00:05:05]} Qxa7
{[%clk 00:31:33]} {[%emt 00:00:11]} 43. Nxa7 {[%clk 00:26:11]} {[%emt
00:00:04]} Rf4 {[%clk 00:29:46]} {[%emt 00:02:16]} 44. b3 {[%clk 00:25:31]}
{[%emt 00:01:11]} Ng4 {[%clk 00:28:14]} {[%emt 00:02:01]} 45. Rd3 {[%clk
00:24:10]} {[%emt 00:01:51]} Nf2 {[%clk 00:27:35]} {[%emt 00:01:10]} 46. Rf3
{[%clk 00:23:27]} {[%emt 00:01:13]} Rxf3 {[%clk 00:28:00]} {[%emt 00:00:05]}
47. Bxf3 {[%clk 00:23:55]} {[%emt 00:00:01]} Bxc3+ {[%clk 00:28:23]} {[%emt
00:00:08]} 48. Kb1 {[%clk 00:23:58]} {[%emt 00:00:27]} g5 {[%clk 00:27:28]}
{[%emt 00:01:26]} 49. Nb5 {[%clk 00:13:28]} {[%emt 00:10:58]} Be5 {[%clk
00:18:46]} {[%emt 00:09:12]} 50. a5 {[%clk 00:10:05]} {[%emt 00:03:54]} g4
{[%clk 00:18:48]} {[%emt 00:00:28]} 51. Bd5 {[%clk 00:08:14]} {[%emt 00:02:20]}
h3 {[%clk 00:18:32]} {[%emt 00:00:47]} 52. a6 {[%clk 00:08:29]} {[%emt
00:00:15]} g3 {[%clk 00:18:39]} {[%emt 00:00:23]} 53. Nc3 {[%clk 00:05:41]}
{[%emt 00:03:18]} Bd4 {[%clk 00:09:01]} {[%emt 00:10:07]} 54. Ne2 {[%clk
00:05:34]} {[%emt 00:00:37]} g2 {[%clk 00:09:27]} {[%emt 00:00:04]} 55. Kc2
{[%clk 00:05:40]} {[%emt 00:00:24]} Ba7 {[%clk 00:09:40]} {[%emt 00:00:18]} 56.
b4 {[%clk 00:01:52]} {[%emt 00:04:18]} Nh1 {[%clk 00:10:03]} {[%emt 00:00:07]}
57. Kd3 {[%clk 00:00:37]} {[%emt 00:01:45]} Ng3 {[%clk 00:10:16]} {[%emt
00:00:17]} 58. Nxg3 {[%clk 00:00:32]} {[%emt 00:00:35]} g1=Q {[%clk 00:10:40]}
{[%emt 00:00:06]} 0-1

[Event "DVM U16 2018"]
[Site "Aurich GER"]
[Date "2018.12.30"]
[Round "7"]
[White "Askerov, Imamali"]
[Black "Henning, Marvin"]
[Result "1/2-1/2"]
[Termination "normal"]
[Board "3.3"]
[WhiteElo "1964"]
[BlackElo "1988"]
[WhiteClock "00:16:38"]
[BlackClock "00:11:18"]
[WhiteTeam "Post SV Uelzen"]
[BlackTeam "Reideburger SV 90 Halle"]
[PlyCount "98"]
[WhiteFideId "12974498"]
[BlackFideId "12957399"]
[EventCountry "GER"]
[EventRounds "7"]
[EventType "team-swiss"]
[EventDate "2018.12.26"]

1. e4 {[%clk 01:30:54]} {[%emt 00:00:05]} d5 {[%clk 01:30:52]} {[%emt
00:00:09]} 2. exd5 {[%clk 01:31:19]} {[%emt 00:00:05]} Qxd5 {[%clk 01:31:20]}
{[%emt 00:00:02]} 3. Nc3 {[%clk 01:31:41]} {[%emt 00:00:08]} Qd6 {[%clk
01:31:46]} {[%emt 00:00:04]} 4. d4 {[%clk 01:32:06]} {[%emt 00:00:05]} Nf6
{[%clk 01:32:12]} {[%emt 00:00:03]} 5. Nf3 {[%clk 01:32:30]} {[%emt 00:00:07]}
c6 {[%clk 01:32:38]} {[%emt 00:00:04]} 6. Ne5 {[%clk 01:32:54]} {[%emt
00:00:06]} Nbd7 {[%clk 01:33:03]} {[%emt 00:00:05]} 7. Bf4 {[%clk 01:32:20]}
{[%emt 00:01:03]} Nd5 {[%clk 01:31:04]} {[%emt 00:02:30]} 8. Nxd5 {[%clk
01:27:36]} {[%emt 00:05:14]} Qxd5 {[%clk 01:31:03]} {[%emt 00:00:31]} 9. Bc4
{[%clk 01:20:37]} {[%emt 00:07:30]} Qe4+ {[%clk 01:31:19]} {[%emt 00:00:13]}
10. Qe2 {[%clk 01:18:29]} {[%emt 00:02:38]} Qxe2+ {[%clk 01:22:16]} {[%emt
00:09:33]} 11. Kxe2 {[%clk 01:18:23]} {[%emt 00:00:35]} e6 {[%clk 01:20:40]}
{[%emt 00:02:06]} 12. Nxd7 {[%clk 01:15:30]} {[%emt 00:03:23]} Bxd7 {[%clk
01:19:34]} {[%emt 00:01:37]} 13. Rad1 {[%clk 01:15:13]} {[%emt 00:00:47]} Be7
{[%clk 01:12:56]} {[%emt 00:07:08]} 14. Rd2 {[%clk 01:05:22]} {[%emt 00:10:21]}
O-O {[%clk 01:10:29]} {[%emt 00:02:57]} 15. Rhd1 {[%clk 01:04:45]} {[%emt
00:01:06]} Rac8 {[%clk 01:09:23]} {[%emt 00:01:36]} 16. Bb3 {[%clk 01:03:54]}
{[%emt 00:01:21]} Rfd8 {[%clk 01:08:20]} {[%emt 00:01:33]} 17. a3 {[%clk
01:01:58]} {[%emt 00:02:26]} Kf8 {[%clk 01:01:03]} {[%emt 00:07:48]} 18. c4
{[%clk 00:58:29]} {[%emt 00:03:58]} Bf6 {[%clk 00:59:35]} {[%emt 00:01:58]} 19.
Bd6+ {[%clk 00:55:44]} {[%emt 00:03:15]} Be7 {[%clk 00:59:28]} {[%emt
00:00:38]} 20. Be5 {[%clk 00:52:10]} {[%emt 00:04:03]} Bf6 {[%clk 00:59:39]}
{[%emt 00:00:20]} 21. Bd6+ {[%clk 00:49:31]} {[%emt 00:03:09]} Be7 {[%clk
01:00:02]} {[%emt 00:00:06]} 22. Bg3 {[%clk 00:49:56]} {[%emt 00:00:05]} Bf6
{[%clk 01:00:17]} {[%emt 00:00:15]} 23. Kf1 {[%clk 00:41:26]} {[%emt 00:09:00]}
Be8 {[%clk 00:59:29]} {[%emt 00:01:18]} 24. Kg1 {[%clk 00:31:36]} {[%emt
00:10:19]} Rd7 {[%clk 00:53:33]} {[%emt 00:06:27]} 25. Bf4 {[%clk 00:28:15]}
{[%emt 00:03:51]} Rcd8 {[%clk 00:53:41]} {[%emt 00:00:22]} 26. d5 {[%clk
00:27:23]} {[%emt 00:01:23]} exd5 {[%clk 00:53:36]} {[%emt 00:00:35]} 27. cxd5
{[%clk 00:27:38]} {[%emt 00:00:14]} cxd5 {[%clk 00:53:32]} {[%emt 00:00:34]}
28. Rxd5 {[%clk 00:19:11]} {[%emt 00:08:57]} Bxb2 {[%clk 00:22:04]} {[%emt
00:31:58]} 29. Bd6+ {[%clk 00:19:08]} {[%emt 00:00:33]} Rxd6 {[%clk 00:22:17]}
{[%emt 00:00:18]} 30. Rxd6 {[%clk 00:19:19]} {[%emt 00:00:18]} Rxd6 {[%clk
00:22:45]} {[%emt 00:00:02]} 31. Rd4 {[%emt 00:00:08]} Rd5 32. Rxd5 {[%clk
00:19:41]} Bxa3 {[%clk 00:23:14]} {[%emt 00:00:02]} 33. Kf1 {[%clk 00:13:12]}
{[%emt 00:11:16]} b6 {[%clk 00:19:55]} 34. f3 {[%clk 00:12:10]} {[%emt
00:02:03]} Bc5 {[%clk 00:18:12]} 35. Rd8 {[%clk 00:09:52]} {[%emt 00:05:00]} a5
{[%clk 00:18:13]} 36. Ra8 {[%clk 00:10:10]} {[%emt 00:00:42]} Ke7 {[%clk
00:16:48]} 37. Ke2 {[%clk 00:09:26]} {[%emt 00:03:10]} h6 {[%clk 00:15:03]} 38.
Kd3 {[%clk 00:07:54]} {[%emt 00:04:16]} f5 {[%clk 00:14:58]} 39. Kc3 {[%clk
00:03:52]} {[%emt 00:05:06]} Bb5 {[%clk 00:08:35]} 40. Rd8 {[%clk 00:01:22]}
{[%emt 00:09:53]} Kf6 {[%clk 00:07:03]} 41. g3 {[%clk 00:28:46]} {[%emt
00:05:08]} Bf1 {[%clk 00:25:05]} 42. Re8 {[%clk 00:26:24]} {[%emt 00:15:21]} f4
43. g4 fxg3 {[%clk 00:23:17]} 44. hxg3 {[%clk 00:26:28]} {[%emt 00:00:25]} Bb5
{[%emt 00:02:37]} 45. Re6+ {[%clk 00:25:58]} Kf5 {[%clk 00:22:23]} {[%emt
00:00:13]} 46. Bd5 {[%clk 00:24:14]} {[%emt 00:02:19]} h5 {[%clk 00:15:37]}
{[%emt 00:07:16]} 47. Re4 {[%clk 00:21:42]} {[%emt 00:03:02]} g5 {[%clk
00:10:59]} {[%emt 00:05:08]} 48. g4+ {[%clk 00:18:56]} {[%emt 00:03:15]} hxg4
{[%clk 00:10:59]} {[%emt 00:00:31]} 49. fxg4+ {[%clk 00:16:38]} {[%emt
00:02:48]} Kf6 {[%clk 00:11:18]} {[%emt 00:00:11]} 1/2-1/2